Czyje były te kolonie? - Statystyki

Ogólne statystyki
  • Ten quiz został rozwiązany 344 razy
  • Średni wynik to 12 z 15
Statystyki odpowiedzi
Kolonia Państwo kolonizujące % Poprawnych
Algieria Francja
94%
Indie Wschodnie* (Indonezja) Holandia
90%
Sudan Wielka Brytania
88%
Sahara Zachodnia Hiszpania
83%
Mozambik Portugalia
82%
Kuba Hiszpania
81%
Kongo* (Dem. Rep. Konga) Belgia
80%
Afryka Zachodnia* Francja
78%
Angola Portugalia
77%
Erytrea Włochy
77%
Gujana Wielka Brytania
76%
Afryka Wschodnia* (Tanzania) Niemcy
74%
Surinam Holandia
70%
Kamerun Niemcy
66%
Malaje Wielka Brytania
60%
Nie znaleziono quizów pasujących do podanych kryteriów
Rozkład punktacji
Procent ludzi z każdym wynikiem
Percentyl według liczby udzielonych odpowiedzi
Twoja historia wyników
Nie rozwiązałeś tego quizu